Murder Drones - Personnages par image - Statistiques

Statistiques générales
  • Ce quiz a été pris 396 fois
  • Le résultat moyen est 10 sur 12
Statistiques - réponses
Par images Réponse % Correct
N
99%
V
99%
J
98%
Uzi
98%
Tessa
95%
Doll
92%
CYN
89%
Khan Doorman
72%
Thad
69%
Lizzy
67%
Beau
49%
Absolute Solver
44%
Aucun quiz correspondant
Distribution des résultats
% des personnes avec chaque résultat
Percentile par nombre de réponses
Votre historique - résultats
Vous n’avez pas pris ce quiz